Loading...
| Fine Arts - Other Fine Arts | 0 | 2 | 0 | 2 | 20 | 140 | 142.00 | 0 | 0 |
| History - World History | 0 | 1 | 0 | 0 | 10 | 72 | 72.00 | 0 | 1 |
| Literature - European Literature | 0 | 1 | 0 | 0 | 10 | 140 | 140.00 | 0 | 0 |
| Philosophy | 0 | 1 | 0 | 0 | 10 | 126 | 126.00 | 0 | 1 |
| Religion | 0 | 1 | 0 | 0 | 10 | 128 | 128.00 | 0 | 0 |
| Science - Biology | 0 | 1 | 0 | 0 | 10 | 123 | 123.00 | 0 | 0 |
| Literature - British Literature | 0 | 1 | 0 | 0 | 10 | 116 | 116.00 | 0 | 0 |
| Social Science | 0 | 1 | 1 | 0 | 5 | 93 | 93.00 | 1 | 1 |
| Literature - American Literature | 0 | 0 | 1 | 0 | -5 | 0.00 | 0 | 0 | |
| History - American History | 0 | 0 | 1 | 0 | -5 | 0.00 | 0 | 0 |